000 00757nam a22002537a 4500
999 _c412730
_d412730
001 125438
003 UA-OsUOA
005 20200123182702.0
007 ta
008 20170918b un ||||| |||| 00| 0 ukr d
020 _a9789661760881
040 _aUA-OsUOA
_bukr
_cUA-OsUOA
_dUA-OsUOA
041 _aukr
080 _a821.161.2
090 _a821.161.2
_bД64
100 _aДолгош І. І.
245 _aЗаплакала Тиса кров'ю
_bроман-дилогія: у 2-х кн.
_nкн. 1
260 _aУжгород
_bГражда
_c2012
300 _a520 с.
650 7 _a82 Література. Літературознавство
_2UDC
942 _cBK
_2udc
955 _a3